000 00556nam a2200205Ia 4500
999 _c11639
_d11639
003 GCL
005 20240530095856.0
008 140319s9999 xx 000 0 eng d
040 _aGCL /
_cGCL
082 0 4 _a709.47
_bY P
100 1 _aYURSOVSKY, ALEXEY
245 1 0 _aPOST - SOVEAt :
_bART ANDARCHITECTURE \
_cYURSOVSKY, ALEXEY
260 _a[S.N] :
_bACADEMY EDITIONS ،
_c1994
300 _a144 P.
_c28 CM.
650 0 4 _aPOST - MODERNISM
650 0 4 _aRUSSIA - ARCHITECTURE
650 0 4 _aRUSSIA - ART
700 1 _aOVENDEN,SOPHIE
942 _2ddc
_cBK